| 000 | 00356nam a2200133Ia 4500 | ||
|---|---|---|---|
| 008 | 240624s9999 xx 000 0 und d | ||
| 041 | _aeng | ||
| 082 | _a658.4038 MIL | ||
| 100 | _aMILTON NICK | ||
| 245 | _aKNOWLEDGE MANAGEMENT FOR TEAMS AND PROJE | ||
| 260 |
_c2005 _aOxford _bChaos Publishing |
||
| 300 | _axii, : 154 : p. : cm. ; 23 | ||
| 365 |
_cGBP _b28 |
||
| 999 |
_c22646 _d22646 |
||